| Tag |
First Indicator |
Second Indicator |
Subfields |
| LEADER |
00000cam a2200000 4500 |
| 001 |
in00000053814 |
| 005 |
20151008050902.0 |
| 008 |
720907s1966 nyu b 00000 eng u |
| 010 |
|
|
|a 66028137
|
| 035 |
|
|
|a (OCoLC)00401099
|
| 035 |
|
|
|9 AAG4052AM
|
| 040 |
|
|
|c WSU
|d OCL
|d TXA
|d UtOrBLW
|
| 049 |
|
|
|a TXAM
|c [462003]
|
| 050 |
|
0 |
|a DC412
|b .K8
|
| 092 |
|
|
|a 327.44
|b K96d
|
| 100 |
1 |
|
|a Kulski, W. W.
|q (Władysław Wszebór),
|d 1903-1989.
|
| 245 |
1 |
0 |
|a De Gaulle and the world ;
|b the foreign policy of the Fifth French Republic /
|c [by] W. W. Kulski.
|
| 250 |
|
|
|a [1st ed.
|
| 264 |
|
1 |
|a Syracuse, N.Y.] :
|b Syracuse University Press,
|c [1966]
|
| 300 |
|
|
|a 428 pages
|
| 336 |
|
|
|a text
|b txt
|2 rdacontent
|
| 337 |
|
|
|a unmediated
|b n
|2 rdamedia
|
| 338 |
|
|
|a volume
|b nc
|2 rdacarrier
|
| 504 |
|
|
|a Bibliography: pages 415-420.
|
| 600 |
1 |
0 |
|a Gaulle, Charles de,
|d 1890-1970.
|
| 651 |
|
0 |
|a France
|x Foreign relations
|y 1945-
|
| 999 |
|
|
|a MARS
|
| 999 |
f |
f |
|s cdc923a9-f40f-30ce-8f45-073248051a47
|i 2b16a731-d845-3273-9844-29241a989db6
|t 0
|
| 952 |
f |
f |
|p ric
|a Texas A&M University
|b Rellis Campus
|c Joint Library Facility
|d Remote Storage
|t 0
|e DC412 .K8
|h Library of Congress classification
|i unmediated -- volume
|m A14800675242
|
| 998 |
f |
f |
|a DC412 .K8
|t 0
|l Remote Storage
|